[Event "AUT-chT2M 1112"]
[Site "Austria"]
[Date "2012.03.03"]
[Round "8.6"]
[White "Trauner, Rudolf"]
[Black "Schink, Barbara"]
[Result "1/2-1/2"]
[WhiteElo "2195"]
[BlackElo "2069"]
[PlyCount "69"]
[EventDate "2011.10.21"]
[EventType "team-tourn"]
[EventRounds "11"]
[EventCountry "AUT"]
[SourceTitle "EXT 2013"]
[Source "ChessBase"]
[SourceDate "2012.11.22"]
[SourceVersion "1"]
[SourceVersionDate "2012.11.22"]
[SourceQuality "1"]
[WhiteTeam "St Valentin"]
[BlackTeam "Graz Strassenbahn"]
[WhiteTeamCountry "AUT"]
[BlackTeamCountry "AUT"]

1. d4 d5 2. Nf3 Nf6 3. c4 dxc4 4. Na3 c5 5. Nxc4 Nc6 6. e3 cxd4 7. exd4 e6 8. a3 Be7 9. Be2 0-0 10. 0-0 b6 11. b4 a6 12. Bb2 Bb7 13. Nfe5 Nxe5 14. dxe5 Nd5 15. Qd4 a5 16. b5 Rc8 17. Rfd1 Bc5 18. Qg4 Qe7 19. Nd6 Rc7 20. Nxb7 Rxb7 21. Bc4 Rd7 22. Rd3 Nc7 23. Rxd7 Qxd7 24. Rd1 Qe7 25. Rd3 Rd8 26. Qd1 Rxd3 27. Qxd3 g6 28. g3 Ne8 29. h4 Ng7 30. a4 h5 31. Bc1 Qc7 32. Bb2 Nf5 33. Kg2 Qb7+ 34. Kg1 Qc7 35. Kg2 1/2-1/2

[Event "AUT-chT2M 1011"]
[Site "Austria"]
[Date "2011.03.13"]
[Round "8.5"]
[White "Kubinger, Thomas"]
[Black "Trauner, Rudolf"]
[Result "1-0"]
[WhiteElo "2227"]
[BlackElo "2222"]
[PlyCount "71"]
[EventDate "2010.10.16"]
[EventType "team-tourn"]
[EventRounds "11"]
[EventCountry "AUT"]
[SourceTitle "EXT 2012"]
[Source "ChessBase"]
[SourceDate "2011.11.24"]
[SourceVersion "1"]
[SourceVersionDate "2011.11.24"]
[SourceQuality "1"]
[WhiteTeam "Steyregg"]
[BlackTeam "St Valentin"]
[WhiteTeamCountry "AUT"]
[BlackTeamCountry "AUT"]

1. d4 Nf6 2. Bg5 Ne4 3. Bf4 d5 4. f3 Nd6 5. Nc3 c6 6. e4 Be6 7. Qd2 Nd7 8. e5 Nc8 9. h4 f6 10. exf6 exf6 11. 0-0-0 Be7 12. Re1 Bf7 13. Nge2 0-0 14. Ng3 Nd6 15. Bd3 Re8 16. h5 Nb6 17. Nf5 Nbc4 18. Nxe7+ Rxe7 19. Qf2 Rxe1+ 20. Rxe1 Qd7 21. b3 Nb6 22. Qg3 Re8 23. Rxe8+ Nxe8 24. h6 g6 25. Nd1 Nc8 26. Ne3 Ncd6 27. Ng4 Qe6 28. Bd2 Nf5 29. Qf4 Qd6 30. Qxd6 Nfxd6 31. Bf4 Be6 32. Nxf6+ Nxf6 33. Bxd6 Kf7 34. Kd2 Ng8 35. Bf4 Kf6 36. g4 1-0

[Event "AUT-chT2M 1011"]
[Site "Austria"]
[Date "2011.03.11"]
[Round "6.5"]
[White "Trauner, Rudolf"]
[Black "Moser, Guenter"]
[Result "0-1"]
[WhiteElo "2222"]
[BlackElo "2355"]
[PlyCount "88"]
[EventDate "2010.10.16"]
[EventType "team-tourn"]
[EventRounds "11"]
[EventCountry "AUT"]
[SourceTitle "EXT 2012"]
[Source "ChessBase"]
[SourceDate "2011.11.24"]
[SourceVersion "1"]
[SourceVersionDate "2011.11.24"]
[SourceQuality "1"]
[WhiteTeam "St Valentin"]
[BlackTeam "Ansfelden"]
[WhiteTeamCountry "AUT"]
[BlackTeamCountry "AUT"]

1. c4 f5 2. g3 Nf6 3. Bg2 g6 4. Nc3 Bg7 5. e3 0-0 6. Nge2 d6 7. 0-0 c6 8. d4 e5 9. e4 Qe7 10. dxe5 dxe5 11. Qc2 Qf7 12. b3 Na6 13. Ba3 Re8 14. Rad1 f4 15. Rd3 g5 16. f3 Bf8 17. Qc1 Nc5 18. Rd2 Be6 19. Rfd1 a5 20. Rc2 h6 21. Na4 Nxa4 22. Bxf8 Qxf8 23. bxa4 Qc5+ 24. Kh1 Rad8 25. gxf4 gxf4 26. Rg1 Kf7 27. Qe1 Rg8 28. Qh4 Qe3 29. Qe1 Qc5 30. Qc3 Rg5 31. Nc1 Nd7 32. Nb3 Qe7 33. Qxa5 Rdg8 34. Qe1 h5 35. Qh4 Qb4 36. Rd1 Nf6 37. Rdc1 Qxa4 38. Nc5 Qa3 39. Nxe6 Rxg2 40. Qh3 R2g6 41. Nc7 Qe3 42. Qf1 Rg1+ 43. Qxg1 Rxg1+ 44. Rxg1 Qxf3+ 0-1

[Event "AUT-chT2M 1011"]
[Site "Austria"]
[Date "2010.11.28"]
[Round "5"]
[White "Wegerer, Fred"]
[Black "Trauner, Rudolf"]
[Result "1/2-1/2"]
[WhiteElo "2218"]
[BlackElo "2222"]
[PlyCount "70"]
[EventDate "2010.10.16"]
[EventType "team-tourn"]
[EventRounds "11"]
[EventCountry "AUT"]
[SourceTitle "EXT 2012"]
[Source "ChessBase"]
[SourceDate "2011.11.24"]
[SourceVersion "1"]
[SourceVersionDate "2011.11.24"]
[SourceQuality "1"]
[WhiteTeam "Wolfsberg"]
[BlackTeam "St Valentin"]
[WhiteTeamCountry "AUT"]
[BlackTeamCountry "AUT"]

1. c4 e6 2. Nf3 Nf6 3. g3 d5 4. Bg2 Be7 5. d4 0-0 6. Qc2 b6 7. Nc3 Bb7 8. Ne5 c6 9. 0-0 Nfd7 10. Nxd7 Nxd7 11. cxd5 cxd5 12. Bf4 Rc8 13. Qd3 Nf6 14. Rfc1 Bd6 15. Bxd6 Qxd6 16. Nb5 Qb8 17. Qa3 a6 18. Rxc8 Rxc8 19. Nd6 Rc6 20. Nxb7 Qxb7 21. Bf3 g6 22. Kg2 a5 23. b4 axb4 24. Qxb4 Qc7 25. e3 Kg7 26. Rb1 h5 27. h3 Rc2 28. a4 Qc4 29. Qxc4 Rxc4 30. Bd1 Nd7 31. Kf3 Kf6 32. Be2 Rxa4 33. Bb5 Ra7 34. Bxd7 Rxd7 35. Rxb6 Ra7 1/2-1/2

[Event "AUT-chT2M 1011"]
[Site "Austria"]
[Date "2010.11.26"]
[Round "3"]
[White "Trauner, Rudolf"]
[Black "Pesorda, Ivan"]
[Result "1/2-1/2"]
[WhiteElo "2222"]
[BlackElo "2273"]
[PlyCount "30"]
[EventDate "2010.10.16"]
[EventType "team-tourn"]
[EventRounds "11"]
[EventCountry "AUT"]
[SourceTitle "EXT 2012"]
[Source "ChessBase"]
[SourceDate "2011.11.24"]
[SourceVersion "1"]
[SourceVersionDate "2011.11.24"]
[SourceQuality "1"]
[WhiteTeam "St Valentin"]
[BlackTeam "Graz Strassenbahn"]
[WhiteTeamCountry "AUT"]
[BlackTeamCountry "AUT"]

1. Nf3 c5 2. b3 Nf6 3. Bb2 g6 4. g4 h6 5. Bg2 d6 6. h3 Bg7 7. d4 h5 8. dxc5 hxg4 9. hxg4 Rxh1+ 10. Bxh1 Qa5+ 11. Bc3 Qxc5 12. Bd4 Qa5+ 13. Bc3 Qc5 14. Bd4 Qa5+ 15. Bc3 Qc5 1/2-1/2

[Event "AUT-chT2M 0809"]
[Site "Austria"]
[Date "2009.03.29"]
[Round "11.6"]
[White "Wertjanz, David"]
[Black "Trauner, Rudolf"]
[Result "0-1"]
[WhiteElo "2043"]
[BlackElo "2213"]
[PlyCount "66"]
[EventDate "2008.10.11"]
[EventType "team-tourn"]
[EventRounds "11"]
[EventCountry "AUT"]
[SourceTitle "EXT 2010"]
[Source "ChessBase"]
[SourceDate "2010.11.25"]
[SourceVersion "1"]
[SourceVersionDate "2010.11.25"]
[SourceQuality "1"]
[WhiteTeam "Klagenfurt"]
[BlackTeam "St Valentin"]
[WhiteTeamCountry "AUT"]
[BlackTeamCountry "AUT"]

1. e4 e5 2. Nf3 Nc6 3. Bb5 a6 4. Ba4 Nf6 5. d4 exd4 6. 0-0 Be7 7. Re1 d6 8. Nxd4 Bd7 9. Nxc6 Bxc6 10. Bxc6+ bxc6 11. c4 0-0 12. Nc3 Nd7 13. b3 Bf6 14. Bb2 Re8 15. f3 Rb8 16. Qd2 Nc5 17. Rad1 h6 18. Ne2 Ne6 19. Bxf6 Qxf6 20. Qa5 Red8 21. Qxa6 Ra8 22. Qxc6 Rxa2 23. Qd5 Rb8 24. c5 dxc5 25. e5 Qg5 26. Qe4 Rb4 27. Qd3 Rd4 28. Qb1 Rxd1 29. Qxd1 Qe3+ 30. Kh1 Qf2 31. h3 Nd4 32. Nf4 g5 33. Re2 Rxe2 0-1

[Event "AUT-chT2M 0607"]
[Site "Austria"]
[Date "2006.10.29"]
[Round "2.6"]
[White "Hatzl, Stefan"]
[Black "Trauner, Rudolf"]
[Result "1-0"]
[WhiteElo "2159"]
[BlackElo "2233"]
[PlyCount "47"]
[EventDate "2006.10.28"]
[EventType "team-tourn"]
[EventRounds "11"]
[EventCountry "AUT"]
[SourceTitle "EXT 2007"]
[Source "ChessBase"]
[SourceDate "2006.11.23"]
[SourceVersion "1"]
[SourceVersionDate "2006.11.23"]
[SourceQuality "1"]
[WhiteTeam "Graz Styria II"]
[BlackTeam "St Valentin"]
[WhiteTeamCountry "AUT"]
[BlackTeamCountry "AUT"]

1. e4 c6 2. d4 d6 3. Nc3 Nf6 4. f4 Bg4 5. Nf3 e6 6. Be2 d5 7. e5 Nfd7 8. 0-0 c5 9. dxc5 Bxc5+ 10. Kh1 Nc6 11. Ng5 Bxe2 12. Qxe2 Qe7 13. a3 h6 14. Nf3 a6 15. b4 Bb6 16. Bb2 g5 17. Nxd5 exd5 18. e6 Nf6 19. fxg5 hxg5 20. exf7+ Kf8 21. Qxe7+ Kxe7 22. Nxg5 Ne4 23. Bxh8 Rxh8 24. Rae1 1-0

[Event "AUT-chT2M 0203"]
[Site "Austria"]
[Date "2002.10.11"]
[Round "1"]
[White "Trauner, Rudolf"]
[Black "Woeber, Friedrich"]
[Result "1/2-1/2"]
[WhiteElo "2246"]
[BlackElo "2176"]
[PlyCount "54"]
[EventDate "2002.10.11"]
[EventType "team"]
[EventRounds "11"]
[EventCountry "AUT"]
[SourceTitle "CBM 090 Extra"]
[Source "ChessBase"]
[SourceDate "2002.11.07"]
[SourceVersion "1"]
[SourceVersionDate "2002.11.07"]
[SourceQuality "1"]

1. Nf3 Nf6 2. c4 g6 3. Nc3 Bg7 4. g3 0-0 5. Bg2 d6 6. 0-0 e5 7. d3 Nc6 8. Rb1 a5 9. a3 Bd7 10. b4 axb4 11. axb4 Qc8 12. Bg5 Bh3 13. Bxf6 Bxf6 14. Nd5 Bd8 15. Qd2 Kg7 16. b5 Ne7 17. Nc3 Ng8 18. d4 exd4 19. Nxd4 Re8 20. Ra1 Bxg2 21. Kxg2 c6 22. e3 Bf6 23. Rfd1 Nh6 24. h3 Rxa1 25. Rxa1 Nf5 26. Nxf5+ Qxf5 27. bxc6 bxc6 1/2-1/2

[Event "AUT-chT2M 9900"]
[Site "Austria"]
[Date "2000.03.19"]
[Round "11.2"]
[White "Trauner, Rudolf"]
[Black "Klundt, Klaus"]
[Result "0-1"]
[WhiteElo "2278"]
[BlackElo "2405"]
[PlyCount "146"]
[EventDate "1999.??.??"]
[EventType "team"]
[EventRounds "11"]
[EventCountry "AUT"]
[SourceTitle "EXT 2004"]
[Source "ChessBase"]
[SourceDate "2003.11.25"]
[SourceVersion "1"]
[SourceVersionDate "2003.11.25"]
[SourceQuality "1"]

1. c4 Nf6 2. Nc3 e6 3. g3 d5 4. d4 dxc4 5. Qa4+ Nbd7 6. Nf3 a6 7. Bg2 Be7 8. Qxc4 b5 9. Qd3 Bb7 10. 0-0 0-0 11. Bg5 c5 12. Rfd1 c4 13. Qc2 b4 14. Na4 Qa5 15. Bxf6 Nxf6 16. Ne5 Bxg2 17. Kxg2 Rac8 18. Kg1 Rc7 19. Nxc4 Rxc4 20. Qxc4 Qxa4 21. Rdc1 Rd8 22. e3 h5 23. Qc6 Qxc6 24. Rxc6 e5 25. dxe5 Ng4 26. Rac1 Rd5 27. e6 fxe6 28. Rxe6 Bf6 29. Rc2 Ne5 30. Kg2 Nd3 31. Kf1 Bxb2 32. Rxa6 Bc3 33. Rc6 Ra5 34. R6xc3 bxc3 35. Rxc3 Ne5 36. a3 Rb5 37. e4 Rb2 38. h3 Ra2 39. Kg1 h4 40. gxh4 Ng6 41. Kg2 Nf4+ 42. Kh2 Rxf2+ 43. Kg3 Rf1 44. Kg4 Ne6 45. Re3 Kh7 46. e5 Rf4+ 47. Kg3 Ra4 48. Kf2 Rxh4 49. Rg3 Kg8 50. Ke3 Kf7 51. Rf3+ Ke7 52. Kd3 Nc5+ 53. Kc2 Re4 54. Rg3 Ne6 55. Kb3 Rxe5 56. Kb4 Re4+ 57. Kb5 Nd4+ 58. Kc5 Nf5 59. Rd3 Ke6 60. Kb5 g5 61. a4 Nd6+ 62. Ka5 Ke5 63. Rg3 Kf5 64. Rd3 Nc4+ 65. Kb5 Ne5 66. Rc3 Re1 67. Rb3 Ra1 68. a5 Ke4 69. a6 Kd5 70. Kb6 Nd7+ 71. Kb5 Nc5 72. Rg3 Rb1+ 73. Ka5 Kc6 0-1

[Event "AUT-chT2M 9900"]
[Site "Austria"]
[Date "2000.03.18"]
[Round "10.1"]
[White "Juergens, Klaus"]
[Black "Trauner, Rudolf"]
[Result "1-0"]
[WhiteElo "2215"]
[BlackElo "2278"]
[PlyCount "83"]
[EventDate "1999.??.??"]
[EventType "team"]
[EventRounds "11"]
[EventCountry "AUT"]
[SourceTitle "EXT 2004"]
[Source "ChessBase"]
[SourceDate "2003.11.25"]
[SourceVersion "1"]
[SourceVersionDate "2003.11.25"]
[SourceQuality "1"]

1. Nf3 d6 2. d4 Bg4 3. c4 Nd7 4. Qb3 Rb8 5. h3 Bxf3 6. Qxf3 e5 7. e3 Ngf6 8. Nc3 g6 9. Bd3 Bg7 10. 0-0 0-0 11. Rd1 Qe7 12. Rb1 Rfe8 13. Bf1 c6 14. b4 e4 15. Qe2 b6 16. a4 Rec8 17. Ba3 Bf8 18. Qa2 a5 19. bxa5 bxa5 20. d5 cxd5 21. Rxb8 Rxb8 22. Nb5 Qe5 23. cxd5 Nb6 24. Bb2 Qh5 25. Rd2 Nfxd5 26. Bc4 Nxc4 27. Qxc4 Nb4 28. Qxe4 Qc5 29. Qf4 f5 30. Qg5 Nd5 31. e4 Be7 32. Qg3 Nf6 33. exf5 Ne4 34. Qb3+ Kf8 35. fxg6 hxg6 36. Re2 d5 37. Qf3+ Kg8 38. Qf4 Rf8 39. Qh6 Kf7 40. Qh7+ Ke8 41. Qxg6+ Kd8 42. Nd4 1-0

[Event "AUT-chT2M 9900"]
[Site "Austria"]
[Date "2000.01.15"]
[Round "6.2"]
[White "Trauner, Rudolf"]
[Black "Bredl, Harald"]
[Result "1/2-1/2"]
[WhiteElo "2278"]
[BlackElo "2293"]
[PlyCount "123"]
[EventDate "1999.??.??"]
[EventType "team"]
[EventRounds "11"]
[EventCountry "AUT"]
[SourceTitle "EXT 2004"]
[Source "ChessBase"]
[SourceDate "2003.11.25"]
[SourceVersion "1"]
[SourceVersionDate "2003.11.25"]
[SourceQuality "1"]

1. Nf3 Nc6 2. c4 e5 3. d3 g6 4. g3 Bg7 5. Bg2 Nge7 6. 0-0 0-0 7. Nc3 d6 8. Rb1 a5 9. a3 Be6 10. Ng5 Bd7 11. b4 axb4 12. axb4 h6 13. Nf3 Qc8 14. b5 Nd8 15. Nd5 Nxd5 16. cxd5 Ra5 17. b6 Rxd5 18. bxc7 Qxc7 19. Ba3 Ra5 20. Bb4 Ra6 21. Qd2 Nc6 22. Rfc1 Rfa8 23. d4 Bf5 24. d5 Bxb1 25. dxc6 Be4 26. Bxd6 Qd8 27. c7 Qxd6 28. c8Q+ Rxc8 29. Rxc8+ Kh7 30. Qxd6 Rxd6 31. Ng5+ hxg5 32. Bxe4 b6 33. g4 Rd4 34. f3 Rd1+ 35. Kf2 Bf6 36. Kg3 Rg1+ 37. Kh3 Rd1 38. Bd3 e4 39. Bxe4 Be5 40. Kg2 Kg7 41. Bd3 Ra1 42. Rd8 Ra7 43. Bb5 Ra5 44. Bc4 Rc5 45. Bd3 Rc7 46. h3 Kf6 47. Kf2 Ke7 48. Rd5 Ke6 49. Rd8 Bd6 50. e3 Ke7 51. Rb8 Rc3 52. Rb7+ Bc7 53. Ke2 Kd6 54. Ra7 Rc5 55. f4 gxf4 56. exf4 Rc1 57. Ra8 Rh1 58. Rh8 Ke7 59. f5 g5 60. Rh7 Rc1 61. h4 gxh4 62. g5 1/2-1/2

[Event "Linz county-ch"]
[Site "Linz"]
[Date "1999.03.31"]
[Round "6"]
[White "Lacina, Adolf"]
[Black "Trauner, Rudolf"]
[Result "1/2-1/2"]
[WhiteElo "2222"]
[BlackElo "2255"]
[PlyCount "51"]
[EventDate "1999.03.26"]
[EventType "swiss"]
[EventRounds "9"]
[EventCountry "AUT"]
[SourceTitle "EXT 2004"]
[Source "ChessBase"]
[SourceDate "2003.11.25"]
[SourceVersion "1"]
[SourceVersionDate "2003.11.25"]
[SourceQuality "1"]

1. e4 e5 2. Nf3 Nf6 3. Nxe5 d6 4. Nf3 Nxe4 5. d4 d5 6. Bd3 Bd6 7. 0-0 0-0 8. c4 Be6 9. cxd5 Bxd5 10. Nc3 Nxc3 11. bxc3 Nd7 12. Rb1 b6 13. c4 Bxf3 14. Qxf3 Qh4 15. g3 Qxd4 16. Bb2 Qc5 17. Bxg7 Kxg7 18. Qg4+ Kh8 19. Qxd7 Qd4 20. Qf5 Qg7 21. Rfe1 Rae8 22. Kg2 Bc5 23. Re4 Rxe4 24. Bxe4 Re8 25. Bc6 Re6 26. Bf3 1/2-1/2

[Event "Linz county-ch"]
[Site "Linz"]
[Date "1999.03.27"]
[Round "2"]
[White "Poscher, Edmund"]
[Black "Trauner, Rudolf"]
[Result "0-1"]
[WhiteElo "1879"]
[BlackElo "2255"]
[PlyCount "98"]
[EventDate "1999.03.26"]
[EventType "swiss"]
[EventRounds "9"]
[EventCountry "AUT"]
[SourceTitle "EXT 2004"]
[Source "ChessBase"]
[SourceDate "2003.11.25"]
[SourceVersion "1"]
[SourceVersionDate "2003.11.25"]
[SourceQuality "1"]

1. e4 c6 2. d4 d6 3. f4 Nf6 4. Nc3 Bg4 5. Qd3 Na6 6. h3 Bc8 7. Be3 Qa5 8. Nf3 d5 9. Qd2 dxe4 10. Ne5 Be6 11. Nxe4 Qxd2+ 12. Nxd2 Nb4 13. Bd3 Nfd5 14. Ke2 f6 15. Nef3 Nxe3 16. Kxe3 Nd5+ 17. Ke4 g6 18. Nh4 f5+ 19. Kf3 Bg7 20. c3 Bf6 21. Rhe1 Kf7 22. g3 Nxf4 23. Kxf4 g5+ 24. Kf3 gxh4 25. g4 Bd5+ 26. Kf4 fxg4 27. hxg4 h6 28. Nf3 Kg7 29. Be4 Rhf8 30. Ke3 Bxe4 31. Kxe4 Bg5 32. Ne5 Rf4+ 33. Kd3 Rf2 34. b4 Raf8 35. a4 a6 36. Kc4 Rc2 37. Rh1 Rff2 38. Ra3 Bf6 39. Nd7 Bg5 40. b5 axb5+ 41. axb5 cxb5+ 42. Kxb5 Rf3 43. Kc4 Rg3 44. Rb3 h3 45. Rxb7 h2 46. Rbb1 Rgxc3+ 47. Kd5 Rc6 48. Ne5 e6+ 49. Ke4 Re2+ 0-1

[Event "AUT-chT2M 9899"]
[Site "Austria"]
[Date "1999.02.28"]
[Round "9"]
[White "Kaiser, Wolfgang"]
[Black "Trauner, Rudolf"]
[Result "1-0"]
[WhiteElo "2395"]
[BlackElo "2255"]
[PlyCount "119"]
[EventDate "1998.11.??"]
[EventType "team-swiss"]
[EventRounds "11"]
[EventCountry "AUT"]
[SourceTitle "EXT 2000"]
[Source "ChessBase"]
[SourceDate "1999.11.16"]
[SourceVersion "1"]
[SourceVersionDate "1999.11.16"]
[SourceQuality "1"]

1. Nf3 Nf6 2. g3 b6 3. Bg2 Bb7 4. 0-0 e6 5. d3 Be7 6. e4 d6 7. Nbd2 Nbd7 8. Re1 0-0 9. d4 c5 10. b3 Qc7 11. Bb2 cxd4 12. Nxd4 a6 13. c4 Rfe8 14. Rc1 Rac8 15. Nb1 Qb8 16. Nc3 Qa8 17. f3 Bf8 18. Kh1 Qb8 19. Qe2 Rcd8 20. Rcd1 Qc7 21. Qe3 Ba8 22. Ba1 Bb7 23. Rc1 Qb8 24. g4 g6 25. Re2 Bg7 26. Rce1 Nc5 27. Rd1 Qc7 28. Rc2 Ncd7 29. Qf2 Qb8 30. Nde2 Ba8 31. Rcd2 Ne5 32. h3 Nc6 33. Ng3 Re7 34. Na4 b5 35. Nb6 Bb7 36. f4 Ne8 37. Bxg7 Kxg7 38. g5 f6 39. h4 f5 40. exf5 gxf5 41. c5 dxc5 42. Nd7 Qc7 43. Nxc5 Rxd2 44. Rxd2 Na5 45. b4 Bxg2+ 46. Qxg2 Nc4 47. Rd7 Qxd7 48. Nxd7 Rxd7 49. Qc6 Rd1+ 50. Kh2 Kf7 51. Qb7+ Kg8 52. Nh5 Ne3 53. Qe7 Ng4+ 54. Kh3 Rd3+ 55. Ng3 Ng7 56. h5 Rd2 57. Nf1 Rd3+ 58. Kg2 Rc3 59. h6 Rc2+ 60. Kg1 1-0

[Event "AUT-chT2O 9798"]
[Site "Austria"]
[Date "1998.??.??"]
[Round "9"]
[White "Neubauer, Martin"]
[Black "Trauner, Rudolf"]
[Result "1/2-1/2"]
[WhiteElo "2315"]
[BlackElo "2285"]
[PlyCount "51"]
[EventDate "1997.??.??"]
[EventType "team"]
[EventRounds "13"]
[EventCountry "AUT"]
[SourceTitle "EXT 1999"]
[Source "ChessBase"]
[SourceDate "1998.11.16"]
[SourceVersion "1"]
[SourceVersionDate "1998.11.16"]
[SourceQuality "1"]

1. e4 e5 2. Bc4 Nc6 3. Nf3 Be7 4. d4 exd4 5. Nxd4 d6 6. 0-0 Nf6 7. Nc3 0-0 8. a4 a6 9. f3 Bd7 10. Be3 Re8 11. Qd2 Qc8 12. Rae1 Nxd4 13. Bxd4 Be6 14. Nd5 Nxd5 15. exd5 Bf5 16. Re2 Qd7 17. a5 Bf8 18. Rfe1 Rxe2 19. Rxe2 Re8 20. b4 Rxe2 21. Bxe2 Qa4 22. c3 Qa1+ 23. Kf2 h6 24. c4 Qh1 25. Qf4 Qb1 26. Bc3 1/2-1/2

[Event "AUT-chT2O 9798"]
[Site "Austria"]
[Date "1997.12.06"]
[Round "4"]
[White "Trauner, Rudolf"]
[Black "Humer, Wolfgang"]
[Result "0-1"]
[WhiteElo "2285"]
[BlackElo "2270"]
[PlyCount "68"]
[EventDate "1997.??.??"]
[EventType "team"]
[EventRounds "13"]
[EventCountry "AUT"]
[SourceTitle "EXT 1999"]
[Source "ChessBase"]
[SourceDate "1998.11.16"]
[SourceVersion "1"]
[SourceVersionDate "1998.11.16"]
[SourceQuality "1"]

1. c4 e5 2. Nc3 Nf6 3. g3 Nc6 4. Bg2 Bc5 5. e3 0-0 6. Nge2 Re8 7. 0-0 e4 8. a3 d6 9. b4 Bb6 10. Qc2 Bf5 11. Bb2 Qd7 12. Nf4 Ne5 13. Ncd5 Nxd5 14. cxd5 c5 15. dxc6 bxc6 16. Kh1 d5 17. Bxe5 Rxe5 18. d4 exd3 19. Nxd3 Qd6 20. Qb3 Re6 21. Rac1 a6 22. Rfd1 Rh6 23. Nf4 g5 24. Ne2 Qg6 25. Ng1 g4 26. Qc3 Re8 27. Qe1 Re6 28. Ne2 Qf6 29. Nd4 Rd6 30. Qf1 Bc8 31. Rc3 a5 32. Qd3 Qxf2 33. Ne2 Rde6 34. Rf1 Rxh2+ 0-1

[Event "Vienna-ch"]
[Site "Vienna"]
[Date "1997.??.??"]
[Round "2"]
[White "Bachofner, Andreas"]
[Black "Trauner, Rudolf"]
[Result "1-0"]
[WhiteElo "2145"]
[BlackElo "2285"]
[PlyCount "161"]
[EventDate "1997.??.??"]
[EventType "swiss"]
[EventRounds "9"]
[EventCountry "AUT"]
[SourceTitle "EXT 1999"]
[Source "ChessBase"]
[SourceDate "1998.11.16"]
[SourceVersion "1"]
[SourceVersionDate "1998.11.16"]
[SourceQuality "1"]

1. e4 e5 2. f4 Bc5 3. Nf3 d6 4. Nc3 Nc6 5. Bc4 Bg4 6. Na4 Nd4 7. Nxc5 Bxf3 8. gxf3 Qh4+ 9. Kf1 dxc5 10. c3 Qh3+ 11. Kf2 Nc6 12. d3 Qh4+ 13. Ke2 exf4 14. Qg1 0-0-0 15. Qxc5 Nh6 16. Qf2 Qf6 17. d4 Kb8 18. Bd2 Rhe8 19. Rae1 Nf5 20. Kd1 Ne3+ 21. Bxe3 fxe3 22. Rxe3 Nxd4 23. cxd4 Rxd4+ 24. Bd3 Red8 25. Qc2 c5 26. b3 a6 27. Ke2 Qg5 28. Rf1 R8d6 29. e5 Rh6 30. Qxc5 Rxh2+ 31. Rf2 Qg3 32. Rxh2 Qxh2+ 33. Kd1 Qg1+ 34. Kd2 Qf2+ 35. Kc3 Rd8 36. Qb6 Rc8+ 37. Bc4 Qxa2 38. Qd6+ Ka8 39. Qd2 Qa5+ 40. Kc2 Qa2+ 41. Kd1 Qb1+ 42. Ke2 Qg6 43. Rd3 Qg3 44. Qe3 Qh2+ 45. Kd1 h5 46. Rd7 h4 47. Qe4 Qg1+ 48. Ke2 Qg2+ 49. Kd3 Rb8 50. Kc3 Qh1 51. Kb2 Qh2+ 52. Ka3 Qf2 53. f4 h3 54. Bd5 Qc5+ 55. Kb2 Qf2+ 56. Qc2 Qd4+ 57. Qc3 Qf2+ 58. Ka3 Qb6 59. Qc7 Qb5 60. Bc4 Qc6 61. Qxc6 bxc6 62. Bd3 Rb7 63. Rxb7 Kxb7 64. Kb4 Kb6 65. Kc4 a5 66. Be4 h2 67. Bh1 Kc7 68. Kc5 Kd7 69. Bxc6+ Ke6 70. Be4 g5 71. Kd4 gxf4 72. Bf3 f6 73. exf6 Kxf6 74. Ke4 Kg5 75. Ke5 Kh4 76. Kxf4 Kh3 77. Bh1 Kh4 78. Kf3 Kh3 79. Kf2 Kg4 80. Kg2 Kf4 81. Kxh2 1-0

[Event "Vienna-ch"]
[Site "Vienna"]
[Date "1997.??.??"]
[Round "4"]
[White "Posch, Werner"]
[Black "Trauner, Rudolf"]
[Result "1/2-1/2"]
[WhiteElo "2275"]
[BlackElo "2285"]
[PlyCount "83"]
[EventDate "1997.??.??"]
[EventType "swiss"]
[EventRounds "9"]
[EventCountry "AUT"]
[SourceTitle "EXT 1999"]
[Source "ChessBase"]
[SourceDate "1998.11.16"]
[SourceVersion "1"]
[SourceVersionDate "1998.11.16"]
[SourceQuality "1"]

1. e4 e5 2. Nc3 Nc6 3. Bc4 Nf6 4. d3 Bb4 5. Bg5 h6 6. Bxf6 Bxc3+ 7. bxc3 Qxf6 8. Ne2 d6 9. 0-0 Be6 10. Bb3 0-0 11. d4 Bxb3 12. axb3 Rfe8 13. Qd3 exd4 14. Nxd4 Ne5 15. Qg3 a6 16. Rae1 Qg5 17. Qh3 Ng6 18. Qe3 Qxe3 19. Rxe3 Nf4 20. g3 Ne6 21. f4 f6 22. Rfe1 Kf7 23. Kg2 Rad8 24. h4 h5 25. Kf3 Rd7 26. b4 Rdd8 27. Ra1 Ra8 28. Ra5 Rh8 29. Re1 b6 30. Ra3 Nxd4+ 31. cxd4 Ra7 32. Rea1 Rha8 33. Ke3 a5 34. Kd3 c6 35. Ra4 Ke6 36. c3 Kd7 37. d5 Kc7 38. dxc6 Kxc6 39. Kd4 g6 40. R1a2 Ra6 41. Ra1 R6a7 42. R1a2 1/2-1/2

[Event "Vienna-ch"]
[Site "Vienna"]
[Date "1997.??.??"]
[Round "6"]
[White "Wukits, Rene"]
[Black "Trauner, Rudolf"]
[Result "1-0"]
[WhiteElo "2240"]
[BlackElo "2285"]
[PlyCount "51"]
[EventDate "1997.??.??"]
[EventType "swiss"]
[EventRounds "9"]
[EventCountry "AUT"]
[SourceTitle "EXT 1999"]
[Source "ChessBase"]
[SourceDate "1998.11.16"]
[SourceVersion "1"]
[SourceVersionDate "1998.11.16"]
[SourceQuality "1"]

1. d4 Nf6 2. c4 e6 3. Nc3 Bb4 4. e3 b6 5. Nf3 Bb7 6. Bd3 c5 7. 0-0 0-0 8. Nb5 cxd4 9. exd4 a6 10. Nc3 Bxc3 11. bxc3 d6 12. Rb1 Qc7 13. Re1 Nbd7 14. Nh4 a5 15. Re3 Ba6 16. Rg3 Kh8 17. Qd2 Bxc4 18. Qg5 Rg8 19. Bc2 Bd5 20. Rh3 Qc6 21. Bxh7 Rgc8 22. Rg3 Ne8 23. Qh5 Ndf6 24. Qxf7 Kxh7 25. Rh3 Nh5 26. Nf5 1-0

[Event "Werfen op-A"]
[Site "Werfen"]
[Date "1996.??.??"]
[Round "3"]
[White "Krachler, Guenther"]
[Black "Trauner, Rudolf"]
[Result "1-0"]
[WhiteElo "2165"]
[BlackElo "2235"]
[PlyCount "73"]
[EventDate "1996.08.??"]
[EventType "swiss"]
[EventRounds "9"]
[EventCountry "AUT"]
[SourceTitle "EXT 2000"]
[Source "ChessBase"]
[SourceDate "1999.11.16"]
[SourceVersion "1"]
[SourceVersionDate "1999.11.16"]
[SourceQuality "1"]

1. Nf3 Nf6 2. c4 e6 3. Nc3 Bb4 4. Qc2 0-0 5. a3 Bxc3 6. Qxc3 Ne4 7. Qc2 f5 8. g3 d6 9. Bg2 Qe8 10. 0-0 e5 11. Nh4 Nc5 12. b4 Qa4 13. Ra2 Qxc2 14. Rxc2 Ne6 15. d3 Nc6 16. e3 Ne7 17. Bb2 Rb8 18. f4 g5 19. fxg5 Nxg5 20. c5 Be6 21. cxd6 cxd6 22. Rc7 Nd5 23. Bxd5 Bxd5 24. h3 Nxh3+ 25. Kh2 Ng5 26. Nxf5 Nf3+ 27. Rxf3 Bxf3 28. Nxd6 Bd5 29. Bxe5 Rf2+ 30. Kh3 h6 31. Rg7+ Kf8 32. Rg6 Rd8 33. e4 Bc6 34. Rxh6 Bd7+ 35. g4 Rf3+ 36. Kh4 Ke7 37. Nf5+ 1-0